[Event "Mechanics' Wilkerson Mem TNM; 30/90, SD"]
[Site "San Francisco"]
[Date "2009.08.25"]
[Round "4.7"]
[White "Sanguinetti, George"]
[Black "Leavens, Weston"]
[Result "1-0"]
[WhiteElo "2003"]
[BlackElo "1803"]
[PlyCount "53"]
[EventDate "2009.??.??"]

1. e4 e6 2. d4 d5 3. Nd2 c5 4. exd5 Qxd5 5. Ngf3 Nc6 6. Bc4 Qd8 7. O-O Nxd4 8.
Re1 Be7 9. Ne5 Bd7 10. b4 Nf6 11. c3 Nc6 12. f4 cxb4 13. cxb4 Bxb4 14. Rb1 O-O
15. Kh1 Bxd2 16. Qxd2 Qc7 17. Bb2 Rad8 18. Qe2 Rc8 19. Bd3 Nxe5 20. fxe5 Nd5
21. Qe4 g6 22. Ba3 f5 23. exf6 Nxf6 24. Qxb7 Rf7 25. Qa6 Nd5 26. Rec1 Qd8 27.
Qxa7 {Both scoresheets are unreadable after this move. White won shortly after
a bad bluder by Black.} 1-0

[Event "Mechanics' Wilkerson Mem TNM; 30/90, SD"]
[Site "San Francisco"]
[Date "2009.09.29"]
[Round "9.1"]
[White "Sanguinetti, George"]
[Black "Lee, Andy C"]
[Result "0-1"]
[WhiteElo "2003"]
[BlackElo "2278"]
[PlyCount "76"]
[EventDate "2009.??.??"]

1. e4 e6 2. d4 d5 3. Nc3 Bb4 4. e5 c5 5. a3 Bxc3+ 6. bxc3 Ne7 7. Qg4 Qc7 8.
Qxg7 Rg8 9. Qxh7 cxd4 10. Ne2 Nbc6 11. f4 Bd7 12. Rb1 dxc3 13. Qd3 O-O-O 14. h4
d4 15. Rg1 f6 16. exf6 Nf5 17. h5 e5 18. f7 Rg4 19. g3 Nd6 20. Bh3 e4 21. Qd1
Rg7 22. f8=Q Rxf8 23. Bxd7+ Rxd7 24. g4 Nc4 25. g5 d3 26. cxd3 exd3 27. Nxc3
Rxf4 28. Rg2 Qe5+ 29. Ne2 dxe2 30. Qxd7+ Kxd7 31. Bxf4 Qxf4 32. Rxe2 Qg3+ 33.
Kf1 Ne3+ 34. Rxe3 Qxe3 35. Rd1+ Kc7 36. g6 Nd4 37. Re1 Qf3+ 38. Kg1 Ne2+ 0-1

[Event "Mechanics' Summer TNM; 30/90, SD/30"]
[Site "San Francisco"]
[Date "2009.06.02"]
[Round "2.9"]
[White "Sanguinetti, George"]
[Black "Lum, Michael"]
[Result "1/2-1/2"]
[WhiteElo "2002"]
[BlackElo "1804"]
[PlyCount "92"]
[EventDate "2009.??.??"]

1. e4 c6 2. d4 d5 3. exd5 cxd5 4. c4 Nc6 5. Nc3 Nf6 6. a3 dxc4 7. d5 Na5 8.
Bxc4 Nxc4 9. Qa4+ Qd7 10. Qxc4 e6 11. dxe6 Qxe6+ 12. Qxe6+ Bxe6 13. Nge2 Nd5
14. O-O Nxc3 15. Nxc3 a6 16. Be3 Be7 17. f4 f5 18. Rfe1 Kf7 19. Bd4 Bf6 20. Be5
Rae8 21. Rad1 Bc8 22. Nd5 Bxe5 23. fxe5 Be6 24. Nf4 Rd8 25. h4 Rhe8 26. Kf2 Ke7
27. Ke3 Bf7 28. Rd4 Rxd4 29. Kxd4 Rd8+ 30. Kc5 Be6 31. Re3 b6+ 32. Kxb6 Rb8+
33. Kxa6 Rxb2 34. Nxe6 Kxe6 35. g3 g6 36. a4 h6 37. a5 g5 38. hxg5 hxg5 39. Ka7
f4 40. gxf4 gxf4 41. Re4 f3 42. a6 f2 43. Rf4 Kxe5 44. Rf7 Ke4 45. Ka8 Ke3 46.
a7 Ra2 1/2-1/2

[Event "Mechanics' Summer TNM; 30/90, SD/30"]
[Site "San Francisco"]
[Date "2009.06.30"]
[Round "6.14"]
[White "Sanguinetti, George"]
[Black "MacIntyre, Brendan"]
[Result "1-0"]
[WhiteElo "2002"]
[BlackElo "1689"]
[PlyCount "69"]
[EventDate "2009.??.??"]

1. e4 c5 2. Nf3 Nc6 3. Bb5 g6 4. O-O Bg7 5. d3 Nf6 6. h3 O-O 7. Nc3 e6 8. Be3
d6 9. Bxc6 bxc6 10. Qd2 Rb8 11. b3 Qa5 12. Rae1 Qb4 13. Na4 Qxd2 14. Nxd2 Nd7
15. Nc4 d5 16. Na5 d4 17. Bc1 Rb5 18. Bd2 f5 19. Nxc6 Bb7 20. Nxa7 Ba6 21. Nxb5
Bxb5 22. exf5 exf5 23. Re7 Bf6 24. Rxd7 Bxd7 25. Nxc5 Bc6 26. Re1 Kf7 27. a4
Be7 28. Ne6 Rc8 29. Nxd4 Bd7 30. c4 Bc5 31. Nf3 Bd6 32. Bc3 Rb8 33. b4 Bxa4 34.
c5 Bc7 35. Ne5+ 1-0

[Event "Mechanics' Fall TNM; 30/90, SD/30"]
[Site "San Francisco"]
[Date "2009.12.15"]
[Round "9.9"]
[White "Sanguinetti, George"]
[Black "Manvelyan, Hayk"]
[Result "0-1"]
[WhiteElo "1922"]
[BlackElo "2033"]
[PlyCount "82"]
[EventDate "2009.??.??"]

1. f4 d5 2. g3 Nf6 3. Nh3 c5 4. Nf2 Nc6 5. Bg2 Bf5 6. d3 e6 7. O-O Be7 8. c3
Qc7 9. e4 Bg6 10. Qf3 O-O-O 11. e5 Nd7 12. Nd2 f6 13. exf6 gxf6 14. a3 Bd6 15.
b4 h5 16. Nb3 h4 17. g4 c4 18. dxc4 dxc4 19. Na5 Nxa5 20. bxa5 Rhe8 21. Be3 Nc5
22. Rad1 Re7 23. Bxc5 Bxc5 24. a6 Bxf2+ 25. Qxf2 bxa6 26. Qf3 Bd3 27. Rfe1 e5
28. fxe5 fxe5 29. Qf6 Qb6+ 30. Qf2 Rf8 31. Qe3 e4 32. Rd2 Kc7 33. Rf2 Qxe3 34.
Rxe3 Rxf2 35. Kxf2 Rf7+ 36. Ke1 Rf4 37. h3 Kd6 38. Kd1 Ke5 39. Re1 Rf2 40. Bh1
Kf4 41. Rg1 Ra2 0-1

[Event "Mechanics' Summer TNM; 30/90, SD/30"]
[Site "San Francisco"]
[Date "2009.06.16"]
[Round "4.18"]
[White "Sanguinetti, George"]
[Black "Newey, Richard"]
[Result "0-1"]
[WhiteElo "2002"]
[BlackElo "1716"]
[PlyCount "116"]
[EventDate "2009.??.??"]

1. e4 d5 2. exd5 Nf6 3. d4 Nxd5 4. Nf3 Bf5 5. c4 Nb4 6. Na3 e6 7. Be2 c5 8. O-O
N8c6 9. Be3 cxd4 10. Nxd4 Be4 11. f3 Bg6 12. Qa4 Bc5 13. Rfd1 Qb6 14. Nab5 O-O
15. a3 Nxd4 16. Nxd4 Nc6 17. b4 Nxd4 18. bxc5 Nxe2+ 19. Kf2 Qb2 20. Qb4 Qxb4
21. axb4 Nc3 22. Rdc1 Nb1 23. h4 h5 24. b5 Rfd8 25. Ke1 Rd3 26. Bf4 Rb3 27. b6
Na3 28. c6 bxc6 29. Rxa3 Rxb6 30. Be3 Rb2 31. g4 a5 32. Bd2 a4 33. c5 hxg4 34.
fxg4 Bc2 35. h5 f6 36. h6 gxh6 37. Bxh6 Bb3 38. Rc3 Ra7 39. Rf3 Kf7 40. Bg5 f5
41. gxf5 exf5 42. Bc1 Rb1 43. Kf2 Kf6 44. Bf4 Rb2+ 45. Ke3 Re7+ 46. Kd3 Bd1 47.
Rh3 Rd7+ 48. Kc3 Rc2+ 49. Kb4 Rd4+ 50. Ka5 Rxf4 51. Rh6+ Ke5 52. Rxc6 Rfc4 53.
Kb6 Rc1 54. Re3+ Kf4 55. Rh3 R4c3 56. Rh7 Rb1+ 57. Kc7 a3 58. Kd6 a2 0-1

[Event "Mechanics' Fall TNM; 30/90, SD/30"]
[Site "San Francisco"]
[Date "2009.11.24"]
[Round "6.3"]
[White "Sanguinetti, George"]
[Black "Pearson, Michael"]
[Result "0-1"]
[WhiteElo "1922"]
[BlackElo "2290"]
[PlyCount "98"]
[EventDate "2009.??.??"]

1. e4 c5 2. Nf3 Nc6 3. Bb5 g6 4. Bxc6 bxc6 5. c4 Bg7 6. O-O e5 7. d3 Ne7 8. Be3
d6 9. Nc3 O-O 10. Ne1 f5 11. f3 f4 12. Bf2 g5 13. Kh1 Rf7 14. a3 a5 15. Rb1 Rb8
16. Nc2 Ng6 17. b4 cxb4 18. axb4 axb4 19. Rxb4 Rxb4 20. Nxb4 Bd7 21. c5 Bf8 22.
cxd6 Bxd6 23. Qb3 h5 24. Ra1 Qb8 25. Rb1 Qe8 26. Na6 g4 27. Bc5 gxf3 28. Bxd6
Bc8 29. Qa2 fxg2+ 30. Qxg2 Qe6 31. Rb8 Kh7 32. Qg5 Bxa6 33. Qxh5+ Kg7 34. Bc5
Bxd3 35. Rb2 Qc4 36. Rg2 Qxc5 37. Rxg6+ Kf8 38. Qh8+ Ke7 39. Qh4+ Ke8 40. Rg8+
Rf8 41. Qh5+ Kd8 42. Rxf8+ Qxf8 43. Qxe5 Kc8 44. Qd4 Ba6 45. Kg2 c5 46. Qd2 Qh6
47. Kf3 Qh3+ 48. Kf2 Qxh2+ (48... Qf1#) 49. Ke1 Qg1# 0-1

[Event "Mechanics' Summer TNM; 30/90, SD/30"]
[Site "San Francisco"]
[Date "2009.07.14"]
[Round "8.14"]
[White "Sanguinetti, George"]
[Black "Rettenmaier, Robert"]
[Result "1-0"]
[WhiteElo "2002"]
[BlackElo "1596"]
[PlyCount "61"]
[EventDate "2009.??.??"]

1. e4 c5 2. f4 g6 3. c3 Bg7 4. d4 cxd4 5. cxd4 d5 6. e5 Nc6 7. Be2 Nh6 8. Be3
Nf5 9. Bf2 Qb6 10. Nf3 Qxb2 11. O-O Bd7 12. g4 Qxa1 13. Qd2 Nb4 14. Nc3 Qxf1+
15. Kxf1 Nh6 16. a3 Nc6 17. Nxd5 Rc8 18. h3 O-O 19. Bh4 e6 20. Nf6+ Kh8 21.
Nxd7 Rfe8 22. Bf6 Ne7 23. f5 Nhxf5 24. gxf5 Nxf5 25. Bd3 Ng3+ 26. Kg2 Nh5 27.
Ng5 Kg8 28. Ne4 Rc7 29. Nd6 Ra8 30. Bxg7 Nxg7 31. Nf6+ 1-0

[Event "Mechanics' Wilkerson Mem TNM; 30/90, SD"]
[Site "San Francisco"]
[Date "2009.08.11"]
[Round "2.9"]
[White "Sanguinetti, George"]
[Black "Riese, Kavyen"]
[Result "1-0"]
[WhiteElo "2003"]
[BlackElo "1843"]
[PlyCount "205"]
[EventDate "2009.??.??"]

1. e4 c5 2. Nf3 d6 3. c3 Nf6 4. Be2 g6 5. O-O Qc7 6. Re1 Bg7 7. d4 Nbd7 8. Bf1
e5 9. h3 a6 10. a4 b6 11. Na3 O-O 12. Nc2 Bb7 13. d5 h6 14. Qd3 Nh5 15. g3 Rfc8
16. c4 a5 17. Ne3 Nf8 18. Ng2 g5 19. Ne3 Ng6 20. Nf5 Bf8 21. Be2 Nf6 22. Nh2
Re8 23. Ng4 Nxg4 24. hxg4 Ne7 25. Ne3 Ng6 26. Kg2 Bc8 27. Rh1 f6 28. Bd2 Ra7
29. Rh2 Bd7 30. Rah1 Ne7 31. b3 Bg7 32. Kf1 Bc8 33. Ke1 Kf8 34. Kd1 Ng8 35. Kc2
Ke7 36. Rf1 Kd8 37. Kb2 Qe7 38. Ka2 Kc7 39. Qc2 Bd7 40. Bc3 Raa8 41. Bd3 Rf8
42. f3 Qe8 43. Rhf2 Qe7 44. Qd2 Kb7 45. Bc2 Kc7 46. Nf5 Bxf5 47. gxf5 Qd7 48.
f4 Kb7 49. fxe5 fxe5 50. Bd1 Nf6 51. Qe3 Rh8 52. Rh1 Qf7 53. Rfh2 Rh7 54. Bh5
Nxh5 55. Rxh5 Rah8 56. g4 Bf6 57. R1h3 Qg7 58. Kb2 Ka6 59. Kc2 Qe7 60. Kd3 Qc7
61. Qd2 Kb7 62. Qh2 Qg7 63. Bd2 Kc7 64. Rf3 Kd7 65. Qf2 Rf8 66. Qe1 Ra8 67. Qh1
Rah8 68. Rfh3 Kc7 69. Qe1 Ra8 70. Qc1 Rah8 71. Kc2 Kb7 72. Rf3 Ka6 73. Qe1 Rf8
74. Qh1 Rfh8 75. Qf1 Rf8 76. Rh1 Rfh8 77. Rfh3 Qe7 78. b4 axb4 79. Bxb4 Qd7 80.
Kb3 Kb7 81. Bd2 Ra8 82. Qa1 Bg7 83. Rb1 Bf6 84. a5 Bd8 85. Kc2 Kc8 86. Ra3 bxa5
87. Bxa5 Bxa5 88. Rxa5 Rxa5 89. Qxa5 Qa7 90. Ra1 Qxa5 91. Rxa5 h5 92. gxh5 Rxh5
93. Ra7 Rh2+ 94. Kd3 Rh3+ 95. Ke2 Rh4 96. Kf3 Rf4+ 97. Ke3 Kd8 98. Rg7 g4 99.
Rg6 Ke7 100. Re6+ Kd7 101. f6 g3 102. Re7+ Kd8 103. Rg7 {score ends} 1-0

[Event "Mechanics' Spring TNM; 30/90, SD/30"]
[Site "San Francisco"]
[Date "2009.03.17"]
[Round "2"]
[White "Sanguinetti, George"]
[Black "Starr, Albert"]
[Result "1-0"]
[WhiteElo "2010"]
[BlackElo "1621"]
[PlyCount "111"]
[EventDate "2009.??.??"]

1. f4 b5 2. e4 Bb7 3. Qe2 e6 4. d4 b4 5. g3 c5 6. Nf3 Nf6 7. Nbd2 Be7 8. Bg2
O-O 9. c3 d6 10. O-O Nbd7 11. h3 a5 12. Kh2 a4 13. Re1 Ra7 14. d5 exd5 15. exd5
Re8 16. c4 Ba6 17. Qd1 Nb6 18. b3 a3 19. Nf1 Bc8 20. Ne3 Bf8 21. Bd2 Ne4 22.
Qc2 Nxd2 23. Qxd2 g6 24. Re2 Rae7 25. Rae1 Nd7 26. Ng4 Bg7 27. Rxe7 Rxe7 28.
Rxe7 Qxe7 29. Qe3 Qxe3 30. Nxe3 Nf6 31. Nd2 Nh5 32. Ne4 Bf8 33. Bf3 Ng7 34.
Nf6+ Kh8 35. Bg4 Nf5 36. Bxf5 Bxf5 37. Nxf5 gxf5 38. g4 fxg4 39. hxg4 Kg7 40.
Ne4 h6 41. Kg3 f6 42. Kh4 Be7 43. f5 Kh7 44. Ng3 Kg7 45. Kh5 Kh7 46. Ne2 Kg7
47. Nf4 Kh7 48. Ne6 Kg8 49. Kxh6 Kf7 50. Kh7 Ke8 51. Kg6 Kd7 52. Kf7 Bd8 53.
Nxd8 Kxd8 54. Kxf6 Kd7 55. Kf7 Kd8 56. g5 1-0

[Event "Mechanics' Spring TNM; 30/90, SD/30"]
[Site "San Francisco"]
[Date "2009.04.07"]
[Round "4.3"]
[White "Sanguinetti, George"]
[Black "Wong, Russell"]
[Result "1/2-1/2"]
[WhiteElo "2010"]
[BlackElo "2200"]
[PlyCount "108"]
[EventDate "2009.??.??"]

1. f4 d5 2. g3 c5 3. Nh3 Nc6 4. Nf2 e5 5. d3 Nf6 6. Bg2 Bd6 7. O-O exf4 8. gxf4
d4 9. e4 dxe3 10. Bxe3 O-O 11. Nc3 Re8 12. Qf3 Nd4 13. Bxd4 cxd4 14. Nce4 Be7
15. Rae1 Nd5 16. Nd6 Qxd6 17. Qxd5 Be6 18. Qxd6 Bxd6 19. Ne4 Bb4 20. c3 dxc3
21. bxc3 Ba5 22. f5 Bd5 23. Nf6+ gxf6 24. Bxd5 Bxc3 25. Bxb7 Rxe1 26. Rxe1 Rd8
27. Rd1 Rb8 28. Rb1 Kf8 29. Kg2 Ke7 30. Rb3 Kd6 31. Kf3 Be5 32. h3 a5 33. a4
Kc7 34. Bd5 Rxb3 35. Bxb3 Kd6 36. Bxf7 h6 37. Bc4 Bb2 38. Kg4 Ke5 39. Bb5 Bc1
40. Bc6 Bd2 41. Be4 Be3 42. Kh5 Kd6 43. Kg6 Ke5 44. Bc6 Bg5 45. Bd7 Be3 46. Be6
Bg5 47. Kh5 Be3 48. Kg6 Bg5 49. Bc8 Be3 50. d4+ Bxd4 51. Kxh6 Bf2 52. Kg6 Be1
53. Kf7 Bh4 54. Ke7 Kf4 1/2-1/2

[Event "Mechanics' Summer TNM; 30/90, SD/30"]
[Site "San Francisco"]
[Date "2009.06.02"]
[Round "2.2"]
[White "Shakhnazarov, Oleg"]
[Black "Andries, Craig"]
[Result "1-0"]
[WhiteElo "2184"]
[BlackElo "1866"]
[PlyCount "97"]
[EventDate "2009.??.??"]

1. e4 d6 2. d4 Nf6 3. Nc3 g6 4. f3 Bg7 5. Be3 c6 6. Qd2 O-O 7. O-O-O b5 8. h4
a5 9. Bh6 a4 10. Bxg7 Kxg7 11. h5 Rh8 12. h6+ Kf8 13. g4 Qa5 14. g5 Nh5 15. d5
Ng3 16. Rh2 Nxf1 17. Rxf1 c5 18. f4 Nd7 19. e5 Nb6 20. exd6 Nc4 21. dxe7+ Ke8
22. Qe1 Qb4 23. Nd1 Ra7 24. c3 Qa5 25. d6 Qb6 26. Ne3 Nxe3 27. Qxe3 Qxd6 28.
Nf3 Rxe7 29. Ne5 Qd5 30. c4 Rxe5 31. Qxe5+ Qxe5 32. fxe5 Be6 33. cxb5 Bxa2 34.
Rc2 c4 35. Rcf2 c3 36. bxc3 Bc4 37. Rd1 Ke7 38. b6 a3 39. Rd4 a2 40. Kb2 Ra8
41. Ka1 Be6 42. b7 Rb8 43. Rb2 Bf5 44. Kxa2 Ke6 45. Rb5 Bh3 46. c4 Bg2 47. Rd6+
Ke7 48. c5 Bxb7 49. Kb2 1-0

[Event "Mechanics' Fall TNM; 30/90, SD/30"]
[Site "San Francisco"]
[Date "2009.11.24"]
[Round "6.1"]
[White "Shakhnazarov, Oleg"]
[Black "Fuentes, Romulo"]
[Result "1/2-1/2"]
[WhiteElo "2200"]
[BlackElo "2163"]
[PlyCount "82"]
[EventDate "2009.??.??"]

1. e4 c5 2. Nc3 g6 3. Bc4 Bg7 4. Nge2 Nc6 5. d3 e6 6. O-O Nge7 7. f4 O-O 8. e5
d6 9. exd6 Nf5 10. Ne4 b6 11. c3 Nxd6 12. Nxd6 Qxd6 13. Ng3 Na5 14. Bb5 Bb7 15.
Qe2 Rad8 16. Rd1 h5 17. Be3 Qd5 18. d4 c4 19. Ba4 h4 20. Nf1 h3 21. Bc2 hxg2
22. Nd2 f5 23. b4 cxb3 24. axb3 Bh6 25. b4 Nc6 26. Bb3 Qd7 27. Nf3 Kh7 28. Qxg2
a6 29. Qg3 Ne7 30. Ne5 Qd6 31. b5 a5 32. Bc1 Rf6 33. c4 Ba8 34. Ba3 Qc7 35. h4
Qb7 36. d5 exd5 37. Nf3 d4 38. Ng5+ Kg7 39. Re1 Rd7 40. Rad1 Bxg5 41. hxg5 Rf7
{Drawn after another 30 moves in mutual time pressure.} 1/2-1/2

[Event "Mechanics' Fall TNM; 30/90, SD/30"]
[Site "San Francisco"]
[Date "2009.11.10"]
[Round "4.1"]
[White "Shakhnazarov, Oleg"]
[Black "Gaffagan, Steven"]
[Result "1-0"]
[WhiteElo "2200"]
[BlackElo "2015"]
[PlyCount "85"]
[EventDate "2009.??.??"]

1. d4 Nf6 2. Nf3 g6 3. Bg5 Bg7 4. Nbd2 d5 5. e3 O-O 6. c3 b6 7. Bd3 Bb7 8. Qe2
Nbd7 9. O-O-O c5 10. Kb1 a6 11. h3 b5 12. g4 c4 13. Bc2 a5 14. e4 b4 15. e5
bxc3 16. bxc3 a4 17. Ka1 Qa5 18. Qe3 Ra6 19. Rb1 (19. exf6 exf6 20. Bh4 Re6)
19... Ba8 20. Rb4 Re6 21. Rhb1 Rc8 22. Bh6 Ne8 23. Bxg7 Nxg7 24. Ng5 Rec6 25.
f4 e6 26. f5 exf5 27. gxf5 gxf5 28. Rb5 Qd8 29. h4 Rg6 30. Ndf3 Bc6 31. R5b4
Qe7 32. h5 Rh6 33. Nxf7 Rxh5 34. Nd6 Rf8 35. Rg1 Kh8 36. Qf4 a3 37. Rbb1 Ne6
38. Qg3 Ng7 39. Rh1 Rxh1 40. Rxh1 Nb6 41. Qg6 Ne6 42. Bxf5 Qg7 43. Rxh7+ 1-0

[Event "Mechanics' Winter TNM; 30/90, SD/30"]
[Site "San Francisco"]
[Date "2009.02.24"]
[Round "8.2"]
[White "Shakhnazarov, Oleg"]
[Black "Gaffagan, Steven"]
[Result "1-0"]
[WhiteElo "2163"]
[BlackElo "2037"]
[PlyCount "101"]
[EventDate "2009.??.??"]

1. d4 Nf6 2. Nf3 g6 3. Bf4 d6 4. h3 Bg7 5. Nbd2 c5 6. e3 O-O 7. c3 b6 8. Be2
Bb7 9. Rg1 Nbd7 10. g4 Ne4 11. Nxe4 Bxe4 12. Nd2 Bb7 13. Bg5 Rc8 14. Qb3 cxd4
15. cxd4 Nf6 16. Bxf6 Bxf6 17. g5 Bg7 18. h4 Qc7 19. h5 Qc2 20. Bd3 Qxb3 21.
axb3 a6 22. h6 Bh8 23. Nc4 b5 24. Na5 Ba8 25. f4 e6 26. Kd2 Rc7 27. Rac1 Rfc8
28. Rc3 f6 29. Rgc1 Rxc3 30. bxc3 fxg5 31. fxg5 e5 32. b4 exd4 33. cxd4 Rxc1
34. Kxc1 Kf7 35. Be2 Be4 36. Bg4 Bf5 37. Bf3 Ke6 38. Bb7 Bd3 39. Bc8+ Kd5 40.
Kd2 Bf1 41. Ke1 Bd3 42. Bxa6 Ke4 43. Kd2 Bf1 44. Bc8 Kd5 45. Bd7 Ke4 46. Nb7
Kf3 47. Nxd6 Bc4 48. Bxb5 Be6 49. Bc4 Bxc4 50. Nxc4 Kg4 51. Ne5+ 1-0

[Event "Mechanics' Spring TNM; 30/90, SD/30"]
[Site "San Francisco"]
[Date "2009.05.05"]
[Round "8.2"]
[White "Shakhnazarov, Oleg"]
[Black "Grey, Peter"]
[Result "1-0"]
[WhiteElo "2178"]
[BlackElo "2000"]
[PlyCount "85"]
[EventDate "2009.??.??"]

1. d4 Nf6 2. Nf3 g6 3. c4 Bg7 4. Nc3 d5 5. e3 O-O 6. Be2 c5 7. dxc5 dxc4 8. Qa4
Qc7 9. Qxc4 Na6 10. b4 Be6 11. Qh4 Nd5 12. Nb5 Qd7 13. Rb1 Nc3 14. Nxc3 Bxc3+
15. Bd2 Bxd2+ 16. Nxd2 Bxa2 17. Rb2 Qa4 18. O-O Qa3 19. Rc2 Nxb4 20. Rcc1 Qb2
21. Nf3 Qxe2 22. Qxb4 Bd5 23. Rfe1 Qa6 24. e4 Bc6 25. Nd4 e5 26. Ra1 Qd3 27.
Nf3 Rfe8 28. Rad1 Qb5 29. Qc3 Rad8 30. Rxd8 Rxd8 31. Nxe5 Qa4 32. Qf3 Qa2 33.
Qf6 Rc8 34. Ng4 Qe6 $2 (34... Qd2 $11) 35. Nh6+ Kf8 36. Qh8+ Ke7 37. Qxh7 Be8
38. Qh8 Rxc5 39. Ng8+ Kf8 40. Nf6+ Ke7 41. Ng8+ Kf8 42. e5 Bc6 43. Nf6+ 1-0

[Event "Mechanics' Fall TNM; 30/90, SD/30"]
[Site "San Francisco"]
[Date "2009.10.27"]
[Round "2.2"]
[White "Shakhnazarov, Oleg"]
[Black "Krasnov, Steven"]
[Result "1-0"]
[WhiteElo "2200"]
[BlackElo "1932"]
[PlyCount "75"]
[EventDate "2009.??.??"]

1. e4 c5 2. Nf3 e6 3. Nc3 a6 4. Bd3 Nc6 5. O-O d6 6. Re1 Qc7 7. a3 Be7 8. Rb1
Nf6 9. b4 b6 10. b5 Ne5 11. Bf1 O-O 12. Ng5 h6 13. Nh3 Bb7 14. f4 Ng6 15. d3
Rfd8 16. g4 Nh7 17. f5 exf5 18. gxf5 Ne5 19. Nf4 Bh4 20. Re3 Qe7 21. Nfd5 Qg5+
22. Rg3 Bxg3 23. Bxg5 Bxh2+ 24. Kxh2 Nxg5 25. Bg2 axb5 26. Rxb5 Rxa3 27. Rxb6
Bxd5 28. Nxd5 Rda8 29. Qb1 Kh7 30. Rxd6 c4 31. Qb2 f6 32. Qb7 cxd3 33. cxd3
Ng4+ 34. Kg3 h5 35. Nxf6+ Nxf6 36. Rxf6 Rxd3+ 37. Kf4 Raa3 38. Rg6 1-0

[Event "Mechanics' Fall TNM; 30/90, SD/30"]
[Site "San Francisco"]
[Date "2009.12.08"]
[Round "8.2"]
[White "Shakhnazarov, Oleg"]
[Black "Lee, Andy"]
[Result "0-1"]
[WhiteElo "2200"]
[BlackElo "2278"]
[PlyCount "54"]
[EventDate "2009.??.??"]

1. e4 e5 2. Nf3 Nc6 3. Bb5 a6 4. Ba4 Nf6 5. O-O Be7 6. Re1 b5 7. Bb3 O-O 8. c3
d5 9. exd5 Nxd5 10. a4 Bb7 11. d3 Bf6 12. g3 b4 13. a5 h6 14. Nbd2 Qd7 15. Ne4
Be7 16. Bc4 Kh7 17. Qb3 Rad8 18. Be3 Nxe3 19. fxe3 f5 20. Nf2 f4 21. exf4 exf4
22. Be6 fxg3 23. hxg3 Qd6 24. Re3 Bg5 25. Re2 Qxg3+ 26. Kf1 Nd4 27. Bg8+ Kh8
0-1

[Event "Mechanics' Wilkerson Mem TNM; 30/90, SD"]
[Site "San Francisco"]
[Date "2009.08.18"]
[Round "3.7"]
[White "Shakhnazarov, Oleg"]
[Black "Litowsky, Daniel"]
[Result "1-0"]
[WhiteElo "2194"]
[BlackElo "1705"]
[PlyCount "108"]
[EventDate "2009.??.??"]

1. e4 e5 2. Bc4 Nf6 3. d3 Nc6 4. a3 h6 5. Nc3 a6 6. Nge2 Bc5 7. h3 d6 8. Nd5
Nxd5 9. exd5 Ne7 10. c3 O-O 11. O-O Ng6 12. d4 exd4 13. cxd4 Bb6 14. f4 f5 15.
a4 Bd7 16. Ra3 Qf6 17. Be3 Rae8 18. Rf3 Re7 19. g3 Rfe8 20. Kg2 Kh7 21. b4 Re4
22. Ba2 Qf7 23. Rd3 Ne7 24. Nc3 Ng6 25. Bf2 R4e7 26. h4 Kh8 27. Rd2 Nf8 28. Qc2
Qh5 29. Nd1 Nh7 30. a5 Ba7 31. Qxc7 Bb8 32. Qc2 Nf6 33. Re3 Ne4 34. Rde2 Ba7
35. Qd3 Rc8 36. Bc4 Ba4 37. Nc3 Nxc3 38. Rxe7 Nxe2 39. Qxe2 Qxe2 40. Bxe2 Bb3
41. Bf3 Rc2 42. Kf1 Rc1+ 43. Ke2 Rc2+ 44. Ke1 Rc1+ 45. Kd2 Rf1 46. Ke2 Bc4+ 47.
Ke3 Rb1 48. Bh5 Kh7 49. Rxb7 Rb3+ 50. Kd2 Rd3+ 51. Kc2 Bxd4 52. Bxd4 Rxd4 53.
Kc3 Re4 54. Bd1 Bb5 1-0

[Event "Mechanics' Wilkerson Mem TNM; 30/90, SD"]
[Site "San Francisco"]
[Date "2009.09.01"]
[Round "5.3"]
[White "Shakhnazarov, Oleg"]
[Black "Manvelyan, Hovik"]
[Result "1-0"]
[WhiteElo "2194"]
[BlackElo "1951"]
[PlyCount "59"]
[EventDate "2009.??.??"]

1. d4 e6 2. Nf3 f5 3. h3 Nf6 4. g4 fxg4 5. hxg4 Nxg4 6. Qd3 g6 7. Ng5 Qe7 8.
Nc3 Bh6 9. Nce4 d5 10. Rxh6 Nxh6 11. Nc3 Nf7 12. Nf3 Na6 13. Bf4 Nb4 14. Qd2 c6
15. a3 Na6 16. e4 Nc7 17. O-O-O b6 18. Re1 O-O 19. e5 Ne8 20. Bd3 c5 21. Rg1
Nh8 22. Bg5 Qf7 23. Rg3 Ng7 24. Bf6 Nh5 25. Ng5 Qb7 26. Rh3 c4 27. Rxh5 gxh5
28. Bxh7+ Qxh7 29. Nxh7 Kxh7 30. Qg5 1-0

[Event "Mechanics' Spring TNM; 30/90, SD/30"]
[Site "San Francisco"]
[Date "2009.03.24"]
[Round "2.2"]
[White "Shakhnazarov, Oleg"]
[Black "Manvelyan, Hovik"]
[Result "1-0"]
[WhiteElo "2178"]
[BlackElo "1903"]
[PlyCount "77"]
[EventDate "2009.??.??"]

1. e4 e6 2. d4 d5 3. e5 c5 4. c3 Nc6 5. Nf3 Qb6 6. Bd3 cxd4 7. cxd4 Bd7 8. Nc3
Nxd4 9. Nxd4 Qxd4 10. O-O a6 11. Re1 Ne7 12. Be3 Qxe5 13. f4 Qf6 14. f5 e5 15.
Bc5 Bc6 16. Qb3 e4 17. Bc2 Nxf5 18. Bxf8 Kxf8 19. Rad1 Ne7 20. Rf1 Qg5 21. Nxe4
Qe5 22. Nc5 Kg8 23. Qf3 Rf8 24. Rfe1 Qd6 25. b4 h5 26. Qc3 Ng6 27. Bf5 Rh6 28.
Rd4 Nf4 29. Qg3 Rf6 30. Rxf4 g6 31. Qg5 Kh7 32. Qxh5+ Kg7 33. Qg4 Kh7 34. Re3
gxf5 35. Rh3+ Rh6 36. Qxf5+ Kg7 37. Rg4+ Rg6 38. Rxg6+ fxg6 39. Ne6+ 1-0

[Event "Mechanics' Wilkerson Mem TNM; 30/90, SD"]
[Site "San Francisco"]
[Date "2009.09.15"]
[Round "7.4"]
[White "Shakhnazarov, Oleg"]
[Black "Ramachandran, Jayakrishnan"]
[Result "0-1"]
[WhiteElo "2194"]
[BlackElo "1869"]
[PlyCount "44"]
[EventDate "2009.??.??"]

1. d4 Nf6 2. Nf3 e6 3. Bf4 d5 4. Nbd2 Bd6 5. Ne5 Nh5 6. e3 Nxf4 7. exf4 Nd7 8.
Bd3 c5 9. Qg4 Qf6 10. c3 Qh6 11. g3 Ke7 12. O-O-O Nb6 13. Rhe1 cxd4 14. cxd4 g6
15. Kb1 f6 16. Nef3 e5 17. f5 e4 18. Nh4 Kf7 19. Bxe4 dxe4 20. Nxe4 Be7 21. Qf3
g5 22. Ng2 Qh3 {White lost on time.} 0-1

[Event "Mechanics' Summer TNM; 30/90, SD/30"]
[Site "San Francisco"]
[Date "2009.07.14"]
[Round "8.2"]
[White "Shakhnazarov, Oleg"]
[Black "Ramachandran, Jayakrishnan"]
[Result "1-0"]
[WhiteElo "2184"]
[BlackElo "1822"]
[PlyCount "81"]
[EventDate "2009.??.??"]

1. e4 e5 2. Bc4 Nf6 3. d3 Be7 4. Ne2 d6 5. Bb3 c5 6. O-O O-O 7. f4 exf4 8. Nxf4
Nc6 9. c3 Bg4 10. Qe1 Qd7 11. Nd2 Na5 12. Bc2 b5 13. Nf3 Nc6 14. Qg3 Ne5 15. d4
Bxf3 16. dxe5 dxe5 17. Qxf3 exf4 18. Bxf4 Qg4 19. Qe3 Rad8 20. h3 Qd7 21. Rad1
Qe6 22. b3 g6 23. Qf3 Rfe8 24. Bc7 Rxd1 25. Rxd1 Bf8 26. e5 Nd7 27. Qb7 Nxe5
28. Be4 Re7 29. Bd5 Qf5 30. Qb8 Nd7 31. Qd8 Qf6 32. c4 Nb6 33. Bf3 Qe6 34. cxb5
Rd7 35. Rxd7 Nxd7 36. Bc6 Ne5 37. Bd5 Qd7 38. Qxd7 Nxd7 39. a4 Kg7 40. Bc4 Kf6
41. a5 1-0

[Event "Mechanics' Summer TNM; 30/90, SD/30"]
[Site "San Francisco"]
[Date "2009.06.16"]
[Round "4.2"]
[White "Shakhnazarov, Oleg"]
[Black "Riese, Kayven"]
[Result "1-0"]
[WhiteElo "2184"]
[BlackElo "1934"]
[PlyCount "47"]
[EventDate "2009.??.??"]

1. e4 c5 2. Nf3 d6 3. d4 cxd4 4. Nxd4 Nf6 5. Nc3 Nbd7 6. Be2 a6 7. O-O e6 8. f4
Qc7 9. f5 e5 10. Ne6 fxe6 11. fxe6 Nc5 12. Rxf6 gxf6 13. Nd5 Qc6 14. b4 Nxe6
15. Bh5+ Kd8 16. Be3 Be7 17. Bb6+ Kd7 18. Qg4 Bd8 19. Bf7 Bxb6+ 20. Kh1 Kd8 21.
Qf5 Bd7 22. Qxf6+ Kc8 23. Qxh8+ Nd8 24. Ne7+ 1-0

[Event "Mechanics' Summer TNM; 30/90, SD/30"]
[Site "San Francisco"]
[Date "2009.06.30"]
[Round "6.1"]
[White "Shakhnazarov, Oleg"]
[Black "Rozenvasser, Anthony"]
[Result "0-1"]
[WhiteElo "2184"]
[BlackElo "2167"]
[PlyCount "68"]
[EventDate "2009.??.??"]

1. d4 Nf6 2. Nf3 g6 3. Bf4 Bg7 4. Nbd2 Nh5 5. Be3 f5 6. g3 d6 7. Bg2 O-O 8. Nb3
f4 9. Bd2 e5 10. d5 g5 11. Bc3 c5 12. dxc6 bxc6 13. Nfd2 d5 14. e4 fxe3 15.
Qxh5 exf2+ 16. Kd1 g4 17. Bf1 a5 (17... Rf5 18. Qh4 Qe8 19. Qxg4 Rf4 20. Qxg7+
Kxg7 21. gxf4 d4 22. Nxd4 exd4 23. Bxd4+ Kh6 24. Bxf2 Bg4+ 25. Kc1) 18. Bd3 e4
19. Bxg7 Kxg7 20. Qe5+ Qf6 21. Qxf6+ Kxf6 22. Be2 a4 23. Nc5 Nd7 24. Nxd7+ Bxd7
25. c3 c5 26. Nf1 d4 27. cxd4 cxd4 28. Nd2 e3 29. Ne4+ Ke5 30. Nc5 Bc6 31. Rf1
Bg2 32. Nd7+ Ke4 33. Nxf8 d3 34. Ne6 dxe2+ 0-1